| 000 | 00600nam a2200145Ia 4500 | ||
|---|---|---|---|
| 020 | _a9788174092489 | ||
| 082 |
_a620.0042 _bGRE |
||
| 100 | _aGrewal,B.S | ||
| 245 | _aNumerical methods in engineering & science | ||
| 260 |
_bKhanna Books Publishing Co. Ltd. _aN. Delhi _c2011 |
||
| 300 | _a676p. | ||
| 650 | _aENGINEERING AND ALLIED OPERATIONS | ||
| 653 | _aAPPROXIMATIONS AND ERRORS IN COMPUTATION, SOLUTION OF ALGEBRAIC AND TRANSCENDENTAL EQUATIONS,SOLUTIONS OF SIMULTANEOUS ALGEBRAIC EQUATIONS, MATRIX INVERSION AND EIGEN-VALUE PROBLEMS, FINITE DIFFERENCES,INTERPOLATION, MATLAB | ||
| 942 |
_2ddc _cBK |
||
| 999 |
_c5267 _d5267 |
||